| 000 | 00850nam a2200241 a 4500 | ||
|---|---|---|---|
| 999 |
_c2183 _d2183 |
||
| 001 | 2183 | ||
| 003 | BD-JhCC | ||
| 005 | 20171030184256.0 | ||
| 008 | 171030s1985 bg |||| |||| 001 0 mul d | ||
| 035 | _a(BD-JhCC)2183 | ||
| 040 |
_aBD-JhCC _dBD-JhCC |
||
| 041 | _aBengali and English | ||
| 082 |
_a891.4409 _bALI 1985 |
||
| 100 | _aআলী, মুহম্মদ ইদরিস | ||
| 245 |
_aবাংলাদেশের উপন্যাস সাহিত্যে মধ্যবিত্ত শ্রেণী / _cমুহম্মদ ইদরিস আলী. |
||
| 260 |
_aঢাকা : _bবাংলা একাডেমী, _c1985. |
||
| 300 |
_a374 p.: _c22 cm. |
||
| 500 | _aIncludes Index. | ||
| 504 | _aIncludes Bibliographical Reference. | ||
| 650 |
_aNovel _xBengali Literature. |
||
| 942 |
_2ddc _cBK |
||